00421nam a2200157Ia 450000500170000000800410001704000190005804100120007708200150008910000190010424500750012326000280019830000150022665000120024185000100025320241105115249.0131103s9999 xx 000 0 und d aLoreto College aEnglish a900/NbFEL aFelton, Monica aDown the agesb a course of history for indian schools cMonica Felton aMadrasbMacmillanc1981 a63pb ill. aHistory aLCBED